00306nam a2200133Ia 4500008004100000100001600041245002800057250001200085260003000097300000900127650001200136942000700148999001700155190216s9999||||xx |||||||||||||| ||und|| aKhanna. Ml 0aDyanamics Of A Particle a4th Ed. bJaiprakash Nath &coc1970 a392p aPhysics cBK c32787d32787